000 00223 a2200097 4500
020 _a9789369896875
100 _aChetan Bhagat
245 _a12 Years: my messes-up love story
260 _bHarper Collins
_c2025
942 _cOO
999 _c115585
_d115584